A competency framework for professional valuers (Record no. 114674)

MARC details
000 -LEADER
fixed length control field 01357cad a22001935a 4500
001 - CONTROL NUMBER
control field L157247
008 - FIXED-LENGTH DATA ELEMENTS--GENERAL INFORMATION
fixed length control field 121005s2012 xxk f 000 0 eng d
035 ## - SYSTEM CONTROL NUMBER
System control number (Sirsi) u157247
041 0# - LANGUAGE CODE
Language code of text/sound track or separate title eng
110 2# - MAIN ENTRY--CORPORATE NAME
Corporate name or jurisdiction name as entry element International Valuation Standards Council
9 (RLIN) 5828
245 02 - TITLE STATEMENT
Title A competency framework for professional valuers
Remainder of title September 2012
Medium [electronic resource]
260 ## - PUBLICATION, DISTRIBUTION, ETC.
Place of publication, distribution, etc. London
Name of publisher, distributor, etc. IVSC
Date of publication, distribution, etc. 2012
520 ## - SUMMARY, ETC.
Summary, etc. The valuation profession is not currently uniformly defined or developed across different countries and sectors. In particular it is recognised that many highly experienced and professional valuers may not currently be a member of a Valuation Professional Organisation in membership of IVSC (RICS is a member). The purpose of this framework is to set aspirational benchmarks for the development of the profession. It does not preclude any individual (or firm) currently practising, from referring to themselves as a professional valuer(s) and neither does it endorse any individual or firm that chooses to do so. Covers professional knowledge and skills, and professional values, ethics and behaviour.
590 ## - LOCAL NOTE (RLIN)
Local note NTK KA
651 #4 - SUBJECT ADDED ENTRY--GEOGRAPHIC NAME
Geographic name International
690 ## - LOCAL SUBJECT ADDED ENTRY--TOPICAL TERM (OCLC, RLIN)
Topical term or geographic name as entry element Valuation
9 (RLIN) 6273
856 40 - ELECTRONIC LOCATION AND ACCESS
Uniform Resource Identifier <a href="https://www.ivsc.org/~ivscorg/sites/default/files/Approved%20doc%20%28copy%20edited%29%20website_0.pdf">https://www.ivsc.org/~ivscorg/sites/default/files/Approved%20doc%20%28copy%20edited%29%20website_0.pdf</a>
Public note View the paper at www.ivsc.org
942 ## - ADDED ENTRY ELEMENTS (KOHA)
Suppress in OPAC 0
Holdings
Withdrawn status Lost status Source of classification or shelving scheme Damaged status Not for loan Home library Current library Shelving location Date acquired Total Checkouts Full call number Barcode Date last seen Copy number Price effective from Koha item type
    Dewey Decimal Classification     Virtual Virtual Online 05/10/2012   ONLINE PUBLICATION 157247-2001 06/08/2019 1 06/08/2019 Book